E-commerce/ (Record no. 152721)

MARC details
000 -LEADER
fixed length control field 00584nam a22002177a 4500
003 - CONTROL NUMBER IDENTIFIER
control field dpl
005 - DATE AND TIME OF LATEST TRANSACTION
control field 20180614175629.0
008 - FIXED-LENGTH DATA ELEMENTS--GENERAL INFORMATION
fixed length control field 180614b xxu||||| |||| 00| 0 eng d
010 ## - LIBRARY OF CONGRESS CONTROL NUMBER
LC control number B-121929
020 ## - INTERNATIONAL STANDARD BOOK NUMBER
Terms of availability 0.00
035 ## - SYSTEM CONTROL NUMBER
System control number B-121929
037 ## - SOURCE OF ACQUISITION
Source of stock number/acquisition BPPD / PUB
040 ## - CATALOGING SOURCE
Transcribing agency 0
082 14 - DEWEY DECIMAL CLASSIFICATION NUMBER
Classification number 380.2854
100 ## - MAIN ENTRY--PERSONAL NAME
Personal name Pankaj, S.
245 1# - TITLE STATEMENT
Title E-commerce/
Statement of responsibility, etc by S. Pankaj
260 ## - PUBLICATION, DISTRIBUTION, ETC. (IMPRINT)
Place of publication, distribution, etc Delhi
Name of publisher, distributor, etc APH Publishing
Date of publication, distribution, etc 2005
270 ## - ADDRESS
Address 5, Ansari Road Daryaganj
City Delhi
Postal code 110 002
300 ## - PHYSICAL DESCRIPTION
Extent v, 362p.
Dimensions 22 cm (Hb)
942 ## - ADDED ENTRY ELEMENTS (KOHA)
Institution code [OBSOLETE] dpl
Koha item type English Books
Call number prefix 380.2854 / PAN
Source of classification or shelving scheme Dewey Decimal Classification
Classification part 380.2854
Call number suffix PAN
Holdings
Withdrawn status Lost status Source of classification or shelving scheme Damaged status Not for loan Collection code Home library Current library Date acquired Source of acquisition Cost, normal purchase price Total Checkouts Full call number Barcode Date last seen Date checked out Cost, replacement price Price effective from Koha item type Public note
    Dewey Decimal Classification     Non-fiction Sarojini Nagar Sarojini Nagar 11/02/2019     1 380.2854 PAN B-121924 19/01/2021 11/01/2021   11/02/2019 English Books Withdrawn List Prepared L.No.13/20
    Dewey Decimal Classification     Non-fiction Shahdara Branch Shahdara Branch 14/06/2018 BPPD/PUB 0.00 2 380.2854 PAN B-121929 28/05/2024 24/05/2024 0.00 14/06/2018 English Books  

© Delhi Public Library
Hit Counter
free hit counter